|
|
|
|
| LEADER |
01145cam a2200457 7i4500 |
| 001 |
0000028935 |
| 005 |
20121228090000.0 |
| 020 |
0 |
0 |
|a 9781857436266
|
| 090 |
0 |
0 |
|a I 330.9
|b MID
|
| 245 |
0 |
1 |
|a The Middle East and North Africa 2012.
|
| 250 |
0 |
0 |
|a 58th ed.
|
| 260 |
0 |
0 |
|a London:
|b Routledge,
|c 2012.
|
| 300 |
# |
# |
|a 1443 p.
|
| 440 |
0 |
0 |
|a Europe regional surveys of the world
|
| 650 |
0 |
0 |
|a Middle East --
|x Economic conditions
|
| 650 |
0 |
0 |
|a North Africa --
|x Economic conditions
|
| 651 |
0 |
0 |
|a Qatar
|
| 651 |
0 |
0 |
|a Jordan
|
| 651 |
0 |
0 |
|a Syria
|
| 651 |
0 |
0 |
|a Israel
|
| 651 |
0 |
0 |
|a Iraq
|
| 651 |
0 |
0 |
|a Palestine
|
| 651 |
0 |
0 |
|a Yemen
|
| 651 |
0 |
0 |
|a Spanish North Africa
|
| 651 |
0 |
0 |
|a Kuwait
|
| 651 |
0 |
0 |
|a North Africa
|
| 651 |
0 |
0 |
|a Lebanon
|
| 651 |
0 |
0 |
|a Bahrain
|
| 651 |
0 |
0 |
|a Middle East
|
| 651 |
0 |
0 |
|a Algeria
|
| 651 |
0 |
0 |
|a Libya
|
| 651 |
0 |
0 |
|a Tunisia
|
| 651 |
0 |
0 |
|a Egypt
|
| 651 |
0 |
0 |
|a Cyprus
|
| 651 |
0 |
0 |
|a United Arab Emirates
|
| 651 |
0 |
0 |
|a Oman
|
| 651 |
0 |
0 |
|a Turkey
|
| 651 |
0 |
0 |
|a Iran
|
| 651 |
0 |
0 |
|a Morocco
|
| 651 |
0 |
0 |
|a Saudi Arabia
|
| 999 |
|
|
|a B000031231
|b Book
|c International
|e Business Information Centre
|